| 000 | 00965nac a22002777a 4500 | ||
|---|---|---|---|
| 001 | BR7000700 | ||
| 003 | BR-BrBNA | ||
| 005 | 20240105113358.0 | ||
| 008 | 230509b bl.|||m| |||| 00| 0 por d | ||
| 040 |
_aBR-BrBNA _bpor _cBiblioteca Nacional de Agricultura |
||
| 072 | _aF00 | ||
| 090 | _a1540 BR7000700 | ||
| 100 | 1 | _aAlbuquerque, M. de | |
| 110 | 1 |
_aInstituto de Pesquisas e Experimentacao Agropecuarias do Norte, Belem, PA (Brasil) _96183 |
|
| 245 | 1 | _aMandioca [Manihot esculenta; Producao vegetal; Zona Bragantina; Zona Guajarina; Amazonia; Brasil] | |
| 260 | 3 |
_aBelem, PA (Brasil): _c1970. |
|
| 300 | _a65 p. | ||
| 490 |
_aSerie Fitotecnia - Instituto de Pesquisas e Experimentacao Agropecuarias do Norte (Brazil) _vv. 1(2) _x |
||
| 500 | _a10 ref.; 12 illus. | ||
| 650 | _aMANDIOCA | ||
| 650 | _aZONA BRAGANTINA | ||
| 650 | _aZONA GUAJARINA | ||
| 650 | _aAMAZONIA | ||
| 909 |
_a202312 _bLúcia Elande _c55 _dLúcia Elande |
||
| 942 |
_2AGRIS _n0 _cMS |
||
| 999 |
_c263400 _d263400 |
||